00915nam a2200193 a 450000100100000000500170001000800410002702000180006804000250008610000380011124500920014926000360024130000340027750000570031195201200036895201050048895201110059399900170070400003770820240305131952.0121115s2012 dr ac 000 0 spa d a9789945164992 aDO-SdBNPbspacBNPHU1 aPaulino Martínez, Rafael96416710aPerfil sociológico de un monarca en el estado dominicano /cRafael Pulino Martínez. aSanto Domingo :bBúho,c2012. a74 p. :bil., retr. ;c23 cm. aIncluye datos biográficos del autor en las solapas 001054708DSaGRbGRcHDd2012-11-15iLF1l0o p37708-30r2020-06-25te. 3w2020-06-25yLFDSZPréstamo en sala 0010718PDaPDbPDcHDd2012-11-15iLF1l0o p37708-10r2020-06-25w2020-06-25yLFPDZNo se presta 0010718PDaPDbPDcCTd2012-11-15iLF1l0o p37708-20r2020-06-25te. 2w2020-06-25yLFPDZNo se presta c37198d37198